| 000 | 00588nam a2200181Ia 4500 | ||
|---|---|---|---|
| 003 | GCL | ||
| 008 | 140319s9999 xx 000 0 ara d | ||
| 040 |
_aGCL / _cGCL |
||
| 082 | 0 | 4 |
_a537.5 _bب ت |
| 100 | 1 | _aباسل تفاحة | |
| 245 | 1 | 0 |
_aتطبيقات الفيزياء الكهربية باستخدام الميكروكمبيوتر / _cباسل تفاحة |
| 260 |
_a[S.N] : _bدار الراتب الجامعية ، _c1986 |
||
| 490 | _a | ||
| 650 | 0 | 4 | _aالحاسبات الالكترونية |
| 650 | 0 | 4 | _aالكهرباء |
| 650 | 0 | 4 | _aالفيزياء |
| 942 |
_2ddc _cBK |
||
| 999 |
_c50163 _d50163 |
||